000 00900nam a2200253 a 4500
001 000017059
005 20200929165019.0
008 100317s2002 dr 001 0 spa d
040 _aDO-SdBNP
_bspa
_cBNPHU
082 _a411
_bA347a
100 1 _aAlcántara Crisóstomo, Emeterio
_937636
245 1 0 _aAspectos ortográficos y de redacción /
_cEmeterio Alcántara Crisóstomo.
260 _aSanto Domingo :
_bVM,
_c2002.
300 _a99 p. ;
_c27 cm.
490 1 _aManual para mejorar la ortografía
_v2
500 _aIncluye datos biográficos del autor en la contracubierta
504 _aIncluye bibliografía (p. ¨[100])
650 4 _aOrtografía
_928068
650 4 _aOrtografía
_xEnseñanza
_99599
650 4 _aEspañol
_xOrtografía
_xEnseñanza
_91228
650 4 _aEspañol
_xEjercicios de redacción
_9522
830 0 _aManual para mejorar la ortografía
_v2
_937637
049 _aBNPD
999 _c16585
_d16585